15 größte Inselnationen - Statistiken

Allgemein
  • Dieses Quiz wurde 126 mal gespielt
  • Das Durchschnittsergebnis liegt bei 12 aus 15
Antwortstatistiken
km² Land % Korrekt
587,041 Madagaskar
94%
1,910,931 Indonesien
93%
103,000 Island
91%
377,930 Japan
91%
242,495 Vereinigtes Königreich
91%
109,884 Kuba
90%
270,467 Neuseeland
89%
70,273 Irland
88%
300,000 Philippinen
84%
65,610 Sri Lanka
84%
27,750 Haiti
77%
462,840 Papua-Neuguinea
76%
36,193 Taiwan
75%
48,671 Dominikanische Republik
74%
28,896 Salomonen
37%
Keine übereinstimmenden Quizze gefunden
Verteilung der Resultate
Anzahl Personen mit jedem Resultat
Perzentil nach korrekt beantworteten Fragen
Ihre Resultats-Entwicklung
Sie haben dieses Quiz noch nicht gespielt